| 000 | 00724nam a22001697a 4500 | ||
|---|---|---|---|
| 999 |
_c8001 _d8001 |
||
| 003 | GBCCL | ||
| 005 | 20241126110641.0 | ||
| 008 | 181123b ||||| |||| 00| 0 eng d | ||
| 040 | _cGBC | ||
| 082 |
_aARC GBC-2016 _bVUN |
||
| 100 |
_aVunggoulian, K _913970 |
||
| 245 |
_aAn Analytical Study on the Biblical Roles of Pastors and Deacons With The Actual Roles Played By The Pastors and Deacons Under Evangelical Baptist Convention With Suggestions To Help Them For The Overall Growth of the Church | _cK. Vunggoulian |
||
| 260 |
_aNew Lamka: _bGrace Bible College, _c2016 |
||
| 300 |
_aviii + 65 p.; _c21 x 29 cm. |
||
| 650 |
_aMinistry _vRole of Pastors _vRole of Deacons _xEvangelical Baptist Convention _913971 |
||
| 942 |
_2ddc _cTH |
||